[Event "SLO-chT 32nd"]
[Site "Ljubljana"]
[Date "2022.09.09"]
[Round "4.2"]
[White "Sostaric, Denis"]
[Black "Brcar, Andrej"]
[Result "0-1"]
[WhiteElo "1856"]
[BlackElo "2018"]
[PlyCount "111"]
[EventDate "2022.09.02"]
[EventType "team-tourn"]
[EventRounds "9"]
[EventCountry "SLO"]
[SourceTitle "EXT 2023"]
[Source "ChessBase"]
[SourceDate "2022.10.05"]
[SourceVersion "1"]
[SourceVersionDate "2022.10.05"]
[SourceQuality "1"]
[WhiteTeam "Maribor Branik"]
[BlackTeam "Trebnje BMP"]
[WhiteTeamCountry "SLO"]
[BlackTeamCountry "SLO"]

1. e4 e5 2. Nf3 Nc6 3. d4 exd4 4. Nxd4 Bc5 5. Be3 Qf6 6. c3 Nge7 7. Bc4 Ne5 8. Be2 Qg6 9. 0-0 0-0 10. Qd2 Qxe4 11. f3 Qd5 12. b3 N5c6 13. Bc4 Qd6 14. Qf2 Bxd4 15. Bxd4 Nxd4 16. cxd4 Nf5 17. Rd1 Qf6 18. Nc3 c6 19. Ne4 Qh6 20. g4 d5 21. gxf5 dxc4 22. bxc4 Bxf5 23. Ng3 Bh3 24. Rab1 b6 25. Re1 Be6 26. Rbc1 Rfd8 27. Rc2 Rd7 28. f4 g6 29. Ne4 Qg7 30. Rd1 Bf5 31. Re2 Rad8 32. d5 cxd5 33. Rxd5 Rxd5 34. cxd5 Rxd5 35. Ng3 Qd4 36. Re3 Bh3 37. Nf1 Bxf1 38. Kxf1 Qd1+ 39. Re1 Qd3+ 40. Kg2 Qd2 41. Re2 Qd4 42. Re3 Kg7 43. Kg3 Rf5 44. h4 h6 45. Kg4 Rc5 46. Rf3 f5+ 47. Kg3 Qxf2+ 48. Kxf2 Ra5 49. a3 Ra4 50. Kg3 Kf6 51. Re3 b5 52. Kf3 a5 53. Rc3 Rc4 54. Rb3 b4 55. axb4 axb4 56. Rb2 0-1

[Event "SLO-chT 31st"]
[Site "Ljubljana"]
[Date "2021.09.10"]
[Round "1.1"]
[White "Kariz, Peter"]
[Black "Brcar, Andrej"]
[Result "1-0"]
[WhiteElo "2150"]
[BlackElo "2021"]
[PlyCount "103"]
[EventDate "2021.09.10"]
[EventType "team-tourn"]
[EventRounds "9"]
[EventCountry "SLO"]
[SourceTitle "CBM 204 Extra"]
[Source "ChessBase"]
[SourceDate "2021.11.30"]
[SourceVersion "1"]
[SourceVersionDate "2021.11.30"]
[SourceQuality "1"]
[WhiteTeam "Vrhnika"]
[BlackTeam "Trebnje BMP"]
[WhiteTeamCountry "SLO"]
[BlackTeamCountry "SLO"]

1. e4 e5 2. Nf3 Nc6 3. Bc4 Bc5 4. c3 Nf6 5. d4 exd4 6. cxd4 Bb4+ 7. Bd2 Bxd2+ 8. Nbxd2 d5 9. exd5 Nxd5 10. 0-0 0-0 11. h3 Nb6 12. Bb3 Nxd4 13. Nxd4 Qxd4 14. Qc2 Be6 15. Bxe6 fxe6 16. Nb3 Qd6 17. Nc5 Qc6 18. Rac1 Nd5 19. Qe4 Rae8 20. Rfe1 Rf6 21. Qe5 Nf4 22. Ne4 Ne2+ 23. Kh1 Nxc1 24. Nxf6+ gxf6 25. Qxf6 e5 26. Qg5+ Qg6 27. Qxc1 Re7 28. Re3 Rg7 29. Rg3 Qf7 30. Rxg7+ Kxg7 31. Qg5+ Kf8 32. Qxe5 Qxf2 33. Qh8+ Ke7 34. Qxh7+ Kd6 35. Qd3+ Ke6 36. Qb3+ Kd6 37. Qxb7 Qe1+ 38. Kh2 Qe5+ 39. g3 Qd4 40. Qg2 a5 41. Qe2 a4 42. a3 c5 43. h4 c4 44. h5 Qd3 45. Qf2 Qd1 46. g4 Kc6 47. Kg3 Qc1 48. Qf6+ Kd5 49. h6 Qe1+ 50. Kf4 Qd2+ 51. Kf5 Qd3+ 52. Kg5 1-0

[Event "Ljubljana-chT 72nd Superliga"]
[Site "Ljubljana"]
[Date "2019.02.07"]
[Round "4.4"]
[White "Brcar, Andrej"]
[Black "Borisek, Anze"]
[Result "0-1"]
[WhiteElo "2037"]
[BlackElo "1936"]
[PlyCount "44"]
[EventDate "2019.01.10"]
[EventType "team-tourn"]
[EventRounds "7"]
[EventCountry "SLO"]
[SourceTitle "EXT 2024"]
[Source "ChessBase"]
[SourceDate "2023.10.10"]
[SourceVersion "1"]
[SourceVersionDate "2023.10.10"]
[SourceQuality "1"]
[WhiteTeam "Mentor"]
[BlackTeam "Trzin Buscotrade"]
[WhiteTeamCountry "SLO"]
[BlackTeamCountry "SLO"]

1. e4 Nc6 2. d4 d5 3. e5 Bf5 4. Bf4 e6 5. Nf3 h5 6. Bd3 Nh6 7. 0-0 Qd7 8. c3 Be7 9. b4 Bxd3 10. Qxd3 Nf5 11. Nbd2 b6 12. Nb3 Nd8 13. a4 a6 14. Bd2 0-0 15. c4 dxc4 16. Qxc4 Qd5 17. Rfc1 Ra7 18. a5 b5 19. Qc3 Nc6 20. Nc5 Ncxd4 21. Nxd4 Qxd4 22. Be3 Qxc3 0-1

[Event "SLO-chT1 West"]
[Site "Slovenia"]
[Date "2018.10.28"]
[Round "9.6"]
[White "Brcar, Andrej"]
[Black "Acimovic, Sergej"]
[Result "1-0"]
[WhiteElo "2039"]
[BlackElo "1864"]
[PlyCount "45"]
[EventDate "2018.09.28"]
[EventType "team-tourn"]
[EventRounds "9"]
[EventCountry "SLO"]
[SourceTitle "CBM 187 Extra"]
[Source "ChessBase"]
[SourceDate "2018.11.04"]
[SourceVersion "1"]
[SourceVersionDate "2018.11.04"]
[SourceQuality "1"]
[WhiteTeam "Trebnje BMP"]
[BlackTeam "Kocevje"]
[WhiteTeamCountry "SLO"]
[BlackTeamCountry "SLO"]

1. b3 d5 2. Bb2 Bf5 3. e3 e6 4. f4 Nf6 5. Nf3 Be7 6. Be2 0-0 7. 0-0 c5 8. Ne5 Nc6 9. g4 Bg6 10. f5 Bd6 11. Nxc6 bxc6 12. fxg6 Ne4 13. gxh7+ Kxh7 14. Bd3 Bxh2+ 15. Kg2 Qc7 16. Qf3 Rh8 17. Nc3 f5 18. gxf5 Raf8 19. Nxe4 dxe4 20. Qxe4 Kg8 21. f6 Rh6 22. Qg4 Qd7 23. Qxg7+ 1-0

[Event "SLO-chT1 West"]
[Site "Slovenia"]
[Date "2018.10.12"]
[Round "4.6"]
[White "Brcar, Andrej"]
[Black "Trebusak, Anton"]
[Result "1-0"]
[WhiteElo "2039"]
[BlackElo "1799"]
[PlyCount "71"]
[EventDate "2018.09.28"]
[EventType "team-tourn"]
[EventRounds "9"]
[EventCountry "SLO"]
[SourceTitle "CBM 187 Extra"]
[Source "ChessBase"]
[SourceDate "2018.11.04"]
[SourceVersion "1"]
[SourceVersionDate "2018.11.04"]
[SourceQuality "1"]
[WhiteTeam "Trebnje BMP"]
[BlackTeam "Komenda"]
[WhiteTeamCountry "SLO"]
[BlackTeamCountry "SLO"]

1. e4 c6 2. d4 d5 3. exd5 cxd5 4. c3 Nf6 5. Bd3 Nc6 6. Bf4 e6 7. Nf3 Bd6 8. Bg3 Qc7 9. 0-0 0-0 10. Re1 Bxg3 11. hxg3 h6 12. Nbd2 a6 13. a4 Rb8 14. Qe2 Re8 15. Ne5 Nxe5 16. dxe5 Nd7 17. Nf3 Nc5 18. Bc2 b5 19. axb5 axb5 20. b4 Na4 21. Qd3 Qxc3 22. Qh7+ Kf8 23. Bxa4 bxa4 24. Rxa4 g6 25. Qh8+ Ke7 26. Qf6+ Kf8 27. Qh8+ Ke7 28. Qxh6 Rxb4 29. Ra7+ Bb7 30. Rc1 Qb2 31. Rc7+ Kd8 32. Rxf7 Qb1+ 33. Kh2 Bc6 34. Qg5+ Kc8 35. Rac7+ Kb8 36. Rxc6 1-0

[Event "SLO-chT1 West"]
[Site "Slovenia"]
[Date "2016.12.11"]
[Round "9"]
[White "Ursic, Mateja"]
[Black "Brcar, Andrej"]
[Result "1/2-1/2"]
[WhiteElo "2002"]
[BlackElo "2033"]
[PlyCount "114"]
[EventDate "2016.11.11"]
[EventType "team-tourn"]
[EventRounds "9"]
[EventCountry "SLO"]
[SourceTitle "EXT 2018"]
[Source "ChessBase"]
[SourceDate "2017.10.13"]
[SourceVersion "1"]
[SourceVersionDate "2017.10.13"]
[SourceQuality "1"]
[WhiteTeam "Posocje"]
[BlackTeam "Trebnje BMP"]
[WhiteTeamCountry "SLO"]
[BlackTeamCountry "SLO"]

1. e4 e5 2. Nf3 Nc6 3. Nc3 Nf6 4. d4 exd4 5. Nxd4 Bb4 6. Nxc6 bxc6 7. Bd3 d5 8. exd5 cxd5 9. 0-0 0-0 10. Bg5 c6 11. Qf3 Be7 12. Rae1 Re8 13. h3 h6 14. Bf4 Be6 15. Ne2 c5 16. Ng3 Bd6 17. Bb5 Rf8 18. b3 Bxf4 19. Qxf4 Qb8 20. Qxb8 Raxb8 21. Bd3 Rfe8 22. Re3 Bd7 23. Rfe1 Rxe3 24. Rxe3 Re8 25. Rxe8+ Nxe8 26. Nf5 Kf8 27. c3 h5 28. Kf1 g6 29. Ne3 Nf6 30. Ke2 Ke7 31. f3 Kd6 32. Nc2 Ke5 33. Ke3 d4+ 34. cxd4+ cxd4+ 35. Kd2 h4 36. Bc4 Nd5 37. Ne1 Bf5 38. Bd3 Kf4 39. Bxf5 gxf5 40. Kd3 Nb4+ 41. Kxd4 Nxa2 42. Nc2 Kg3 43. Ne3 f4 44. Nf5+ Kxg2 45. Nxh4+ Kxh3 46. Nf5 Nc1 47. b4 a6 48. Ne7 Na2 49. Nd5 Kg3 50. Ke4 f5+ 51. Kxf5 Kxf3 52. Nxf4 Nxb4 53. Ke5 a5 54. Nd5 Nc6+ 55. Kd6 Nd4 56. Kc5 Ke4 57. Kc4 Nc6 1/2-1/2

[Event "SLO-chT1 West"]
[Site "Slovenia"]
[Date "2016.11.11"]
[Round "1"]
[White "Gregoric, Andraz"]
[Black "Brcar, Andrej"]
[Result "0-1"]
[WhiteElo "1630"]
[BlackElo "2033"]
[PlyCount "64"]
[EventDate "2016.11.11"]
[EventType "team-tourn"]
[EventRounds "9"]
[EventCountry "SLO"]
[SourceTitle "EXT 2018"]
[Source "ChessBase"]
[SourceDate "2017.10.13"]
[SourceVersion "1"]
[SourceVersionDate "2017.10.13"]
[SourceQuality "1"]
[WhiteTeam "Nova Gorica"]
[BlackTeam "Trebnje BMP"]
[WhiteTeamCountry "SLO"]
[BlackTeamCountry "SLO"]

1. e4 e5 2. Nf3 Nc6 3. d4 exd4 4. Bc4 Nf6 5. e5 d5 6. Bb5 Ne4 7. Nxd4 Bd7 8. Bxc6 bxc6 9. 0-0 Qh4 10. Nd2 Nxd2 11. Qxd2 Bc5 12. c3 0-0 13. Qg5 Qxg5 14. Bxg5 f6 15. exf6 gxf6 16. Be3 Bd6 17. Nb3 Rfe8 18. Rfe1 Kf7 19. Nc5 Rxe3 20. fxe3 Bxc5 21. Kf2 Re8 22. Kf3 Bf5 23. Rad1 Rg8 24. Kf2 Be4 25. g3 h5 26. Rg1 f5 27. Rde1 h4 28. gxh4 Rh8 29. Kg3 Bd6+ 30. Kh3 Be7 31. b4 Bxh4 32. Re2 Bf2# 0-1

[Event "SLO-chT1 West"]
[Site "Ljubljana"]
[Date "2015.11.29"]
[Round "9"]
[White "Brcar, Andrej"]
[Black "Rozman, Monika"]
[Result "1/2-1/2"]
[WhiteElo "2032"]
[BlackElo "1991"]
[PlyCount "100"]
[EventDate "2015.10.16"]
[EventType "team-tourn"]
[EventRounds "9"]
[EventCountry "SLO"]
[SourceTitle "EXT 2019"]
[Source "ChessBase"]
[SourceDate "2018.10.10"]
[SourceVersion "1"]
[SourceVersionDate "2018.10.10"]
[SourceQuality "1"]
[WhiteTeam "Trebnje BMP"]
[BlackTeam "Prevodi Dvojka"]
[WhiteTeamCountry "SLO"]
[BlackTeamCountry "SLO"]

1. e4 c5 2. c3 Nf6 3. e5 Nd5 4. d4 cxd4 5. cxd4 d6 6. Nf3 Nc6 7. Bc4 Nb6 8. Bb5 dxe5 9. Nxe5 Bd7 10. Nxd7 Qxd7 11. 0-0 e6 12. Nc3 Be7 13. Qg4 Bf6 14. Rd1 0-0 15. Ne4 Bd8 16. Nc5 Qe7 17. Qe4 Nd5 18. Be3 Rc8 19. Rac1 Bb6 20. a3 Nxd4 21. Bd3 f5 22. Qxd4 Nxe3 23. Qxe3 Rxc5 24. Rxc5 Bxc5 25. Qe2 e5 26. Bc4+ Kh8 27. b4 Bb6 28. Rd5 e4 29. Kh1 Qf6 30. Rd1 Qc3 31. Bd5 Qxa3 32. b5 Qc5 33. Bxb7 Qxf2 34. Qxf2 Bxf2 35. g3 h6 36. Kg2 Bb6 37. Rf1 g5 38. Bxe4 Re8 39. Bxf5 Re2+ 40. Kh3 h5 41. Bg6 g4+ 42. Kh4 Rxh2+ 43. Kg5 Be3+ 44. Kf6 h4 45. Re1 Rf2+ 46. Bf5 Rf3 47. Kg6 hxg3 48. Bxg4 g2 49. Bxf3 g1Q+ 50. Rxg1 Bxg1 1/2-1/2

[Event "SLO-chT1 West"]
[Site "Ljubljana"]
[Date "2013.10.19"]
[Round "5"]
[White "Kragelj, Igor"]
[Black "Brcar, Andrej"]
[Result "1/2-1/2"]
[WhiteElo "2181"]
[BlackElo "2042"]
[PlyCount "33"]
[EventDate "2013.09.27"]
[EventType "team-tourn"]
[EventRounds "9"]
[EventCountry "SLO"]
[SourceTitle "EXT 2019"]
[Source "ChessBase"]
[SourceDate "2018.10.10"]
[SourceVersion "1"]
[SourceVersionDate "2018.10.10"]
[SourceQuality "1"]
[WhiteTeam "Komenda"]
[BlackTeam "Trebnje BMP"]
[WhiteTeamCountry "SLO"]
[BlackTeamCountry "SLO"]

1. d4 d5 2. c4 e6 3. Nf3 Nf6 4. Nc3 Be7 5. Bg5 0-0 6. e3 h6 7. Bh4 Ne4 8. Bxe7 Qxe7 9. Rc1 c6 10. Bd3 Nxc3 11. Rxc3 Nd7 12. cxd5 exd5 13. 0-0 Re8 14. Qb1 Nf6 15. Nd2 Ne4 16. Nxe4 dxe4 17. Bc4 1/2-1/2

[Event "SLO-chT1 West"]
[Site "Ljubljana"]
[Date "2012.09.28"]
[Round "4.4"]
[White "Brcar, Andrej"]
[Black "Sajn, Simon"]
[Result "0-1"]
[WhiteElo "2073"]
[BlackElo "1942"]
[PlyCount "72"]
[EventDate "2012.09.21"]
[EventType "team-tourn"]
[EventRounds "9"]
[EventCountry "SLO"]
[SourceTitle "EXT 2022"]
[Source "ChessBase"]
[SourceDate "2021.10.06"]
[SourceVersion "1"]
[SourceVersionDate "2021.10.06"]
[SourceQuality "1"]
[WhiteTeam "Trebnje BMP"]
[BlackTeam "Sezana"]
[WhiteTeamCountry "SLO"]
[BlackTeamCountry "SLO"]

1. e4 g6 2. d4 d6 3. Nc3 Bg7 4. f4 c5 5. Nf3 Bg4 6. Bb5+ Nc6 7. dxc5 Bxc3+ 8. bxc3 dxc5 9. Qxd8+ Rxd8 10. 0-0 Bd7 11. Be3 b6 12. Bf2 Nf6 13. Rfe1 0-0 14. Bh4 Na5 15. Bf1 Rfe8 16. a4 Bc6 17. Bb5 Nh5 18. Bg5 f6 19. Bh6 Ng7 20. Rad1 Ne6 21. e5 Kf7 22. Rd2 Rxd2 23. Nxd2 Rd8 24. Nb3 Bxb5 25. axb5 Nc4 26. Ra1 Rd7 27. exf6 exf6 28. Kf2 Nd6 29. f5 Nxf5 30. Be3 Nd6 31. Re1 Nxb5 32. Bd2 c4 33. Nd4 Nexd4 34. cxd4 Nxd4 35. c3 Nc2 36. Re2 Re7 0-1

[Event "SLO-chT1 West"]
[Site "Ljubljana"]
[Date "2012.09.21"]
[Round "1.4"]
[White "Semrl, Marjan"]
[Black "Brcar, Andrej"]
[Result "1-0"]
[WhiteElo "2097"]
[BlackElo "2073"]
[PlyCount "79"]
[EventDate "2012.09.21"]
[EventType "team-tourn"]
[EventRounds "9"]
[EventCountry "SLO"]
[SourceTitle "EXT 2022"]
[Source "ChessBase"]
[SourceDate "2021.10.06"]
[SourceVersion "1"]
[SourceVersionDate "2021.10.06"]
[SourceQuality "1"]
[WhiteTeam "Domzale SD"]
[BlackTeam "Trebnje BMP"]
[WhiteTeamCountry "SLO"]
[BlackTeamCountry "SLO"]

1. d4 d5 2. Nf3 Nf6 3. e3 Bf5 4. Bd3 Bxd3 5. Qxd3 c6 6. 0-0 Nbd7 7. c4 e6 8. Nc3 Be7 9. e4 dxe4 10. Nxe4 Nxe4 11. Qxe4 Nf6 12. Qe2 0-0 13. Bf4 Qa5 14. Ne5 Rad8 15. Rfd1 Rfe8 16. a3 c5 17. dxc5 Qxc5 18. b4 Qc8 19. h3 Nd7 20. Nxd7 Rxd7 21. Rxd7 Qxd7 22. Rd1 Qc8 23. Bd6 Bxd6 24. Rxd6 Rd8 25. Qd3 Rxd6 26. Qxd6 h6 27. c5 a6 28. a4 Qe8 29. Qc7 Qxa4 30. Qxb7 Qa1+ 31. Kh2 Qe5+ 32. g3 Qe2 33. Kg2 f5 34. c6 Qe4+ 35. Kh2 Qf3 36. Qb6 f4 37. g4 Kh7 38. c7 Qa8 39. Qxe6 Qf3 40. Qf5+ 1-0

[Event "Split op 2nd"]
[Site "Split"]
[Date "2012.08.19"]
[Round "9"]
[White "Brcar, Andrej"]
[Black "Sand, Rolf"]
[Result "1-0"]
[WhiteElo "2055"]
[BlackElo "1974"]
[PlyCount "47"]
[EventDate "2012.08.11"]
[EventType "swiss"]
[EventRounds "9"]
[EventCountry "CRO"]
[SourceTitle "CBM 149 Extra"]
[Source "ChessBase"]
[SourceDate "2012.08.24"]
[SourceVersion "1"]
[SourceVersionDate "2012.08.24"]
[SourceQuality "1"]

1. e4 c5 2. c3 d5 3. exd5 Qxd5 4. d4 Nc6 5. Nf3 Bg4 6. Be2 cxd4 7. cxd4 e6 8. Nc3 Qa5 9. 0-0 Nf6 10. Be3 Bd6 11. h3 Bh5 12. a3 0-0 13. b4 Qd8 14. Qb3 Ne7 15. Bg5 Nc6 16. Rad1 Be7 17. Bxf6 Bxf6 18. d5 exd5 19. Rxd5 Qe7 20. Rxh5 Bxc3 21. Qxc3 Qxe2 22. Re1 Qa2 23. Ng5 Qd5 24. Ne6 1-0

[Event "Split op 2nd"]
[Site "Split"]
[Date "2012.08.18"]
[Round "8"]
[White "Nikolova, Adriana"]
[Black "Brcar, Andrej"]
[Result "1-0"]
[WhiteElo "2299"]
[BlackElo "2055"]
[PlyCount "109"]
[EventDate "2012.08.11"]
[EventType "swiss"]
[EventRounds "9"]
[EventCountry "CRO"]
[SourceTitle "CBM 149 Extra"]
[Source "ChessBase"]
[SourceDate "2012.08.24"]
[SourceVersion "1"]
[SourceVersionDate "2012.08.24"]
[SourceQuality "1"]

1. e4 e5 2. Nf3 Nc6 3. Bb5 a6 4. Ba4 d6 5. 0-0 Bd7 6. c3 Nge7 7. d4 Ng6 8. Be3 Be7 9. d5 Nb8 10. c4 0-0 11. Nc3 f5 12. Bxd7 Qxd7 13. exf5 Qxf5 14. Ne2 h6 15. b4 Nd7 16. Rc1 Nf6 17. Ng3 Qd7 18. Qc2 Qe8 19. h3 Nd7 20. c5 Nf4 21. Bxf4 Rxf4 22. c6 bxc6 23. Qxc6 Rxb4 24. Nf5 Rc8 25. Qxa6 Nb6 26. Rfd1 Bf8 27. Qb7 Qd7 28. Ne3 Qd8 29. Rc2 Ra4 30. Rb1 Rb8 31. Qxc7 Qxc7 32. Rxc7 Rxa2 33. Nh4 Rc8 34. Rc6 Rxc6 35. dxc6 Nc8 36. Rb8 Ne7 37. c7 Ra1+ 38. Kh2 Rc1 39. Ng6 Nxg6 40. Nd5 Kf7 41. c8Q Rxc8 42. Rxc8 Ke6 43. Ne3 d5 44. Rc6+ Bd6 45. Nf5 Kxf5 46. Rxd6 d4 47. g4+ Kg5 48. Kg3 h5 49. Re6 hxg4 50. hxg4 d3 51. f3 d2 52. Rd6 Nf4 53. Rxd2 Kf6 54. Rd6+ Ne6 55. Ra6 1-0

[Event "Split op 2nd"]
[Site "Split"]
[Date "2012.08.16"]
[Round "6"]
[White "Foglia, Maurizio"]
[Black "Brcar, Andrej"]
[Result "1/2-1/2"]
[WhiteElo "2204"]
[BlackElo "2055"]
[PlyCount "125"]
[EventDate "2012.08.11"]
[EventType "swiss"]
[EventRounds "9"]
[EventCountry "CRO"]
[SourceTitle "CBM 149 Extra"]
[Source "ChessBase"]
[SourceDate "2012.08.24"]
[SourceVersion "1"]
[SourceVersionDate "2012.08.24"]
[SourceQuality "1"]

1. d4 d5 2. Nf3 Nf6 3. g3 Bf5 4. c4 e6 5. Bg2 c6 6. Nbd2 h6 7. 0-0 Be7 8. b3 0-0 9. Bb2 Nbd7 10. Ne1 a5 11. a3 Qb8 12. Nd3 Rd8 13. cxd5 exd5 14. Nf3 Bd6 15. Nfe5 Ng4 16. Nxd7 Rxd7 17. Nc5 Re7 18. Rc1 h5 19. Qd2 Bg6 20. Rc3 Qe8 21. e3 h4 22. Qd1 f5 23. Bc1 hxg3 24. hxg3 Kf7 25. Bf3 Bxc5 26. dxc5 Qd7 27. Kg2 Rh8 28. Rh1 Ree8 29. Bb2 Nf6 30. Rc1 Rxh1 31. Qxh1 Qd8 32. Qh4 Ne4 33. Qxd8 Rxd8 34. Bd4 Rh8 35. Rd1 Bh5 36. Bxh5+ Rxh5 37. f3 Nf6 38. Bxf6 Kxf6 39. Rd4 g5 40. Ra4 Rh7 41. Rxa5 Re7 42. Kf2 Ke5 43. Ra4 Rd7 44. Rb4 Rh7 45. f4+ Kf6 46. fxg5+ Kxg5 47. Kf3 Re7 48. Rb6 Kf6 49. a4 Ke5 50. b4 d4 51. exd4+ Kxd4 52. Kf4 Rf7 53. a5 Kd5 54. a6 bxa6 55. Rxa6 Rg7 56. Kxf5 Rxg3 57. Kf6 Rb3 58. Rb6 Kc4 59. Ke6 Rxb4 60. Kd6 Rb5 61. Rxc6 Rb1 62. Rc8 Rh1 63. c6 1/2-1/2

[Event "SLO-CupT"]
[Site "Slovenia"]
[Date "2010.12.12"]
[Round "5"]
[White "Kodela, Matjaz"]
[Black "Brcar, Andrej"]
[Result "1/2-1/2"]
[WhiteElo "1997"]
[BlackElo "2065"]
[PlyCount "21"]
[EventDate "2010.05.09"]
[EventType "team-swiss"]
[EventRounds "5"]
[EventCountry "SLO"]
[SourceTitle "EXT 2024"]
[Source "ChessBase"]
[SourceDate "2023.10.10"]
[SourceVersion "1"]
[SourceVersionDate "2023.10.10"]
[SourceQuality "1"]
[WhiteTeam "Rokada Lendava"]
[BlackTeam "Trebnje BMP"]
[WhiteTeamCountry "SLO"]
[BlackTeamCountry "SLO"]

1. d4 Nf6 2. Nf3 g6 3. c4 Bg7 4. Nc3 0-0 5. Bf4 d6 6. e3 Nbd7 7. Be2 Nh5 8. Bg5 c5 9. 0-0 h6 10. Bh4 Nhf6 11. Bg3 1/2-1/2

[Event "SLO-chT Central Superliga 10th"]
[Site "Slovenija"]
[Date "2009.11.05"]
[Round "8.4"]
[White "Osolin, Bojan"]
[Black "Brcar, Andrej"]
[Result "1/2-1/2"]
[WhiteElo "2124"]
[BlackElo "2049"]
[PlyCount "52"]
[EventDate "2009.09.17"]
[EventType "team-tourn"]
[EventRounds "9"]
[EventCountry "SLO"]
[SourceTitle "EXT 2022"]
[Source "ChessBase"]
[SourceDate "2021.10.06"]
[SourceVersion "1"]
[SourceVersionDate "2021.10.06"]
[SourceQuality "1"]
[WhiteTeam "Domzale SD"]
[BlackTeam "Visnja Gora Sticna"]
[WhiteTeamCountry "SLO"]
[BlackTeamCountry "SLO"]

1. e4 e5 2. Nf3 Nc6 3. Bb5 a6 4. Bxc6 dxc6 5. 0-0 Qd6 6. Na3 Be6 7. Qe2 f6 8. Rd1 Bg4 9. h3 Bh5 10. c3 0-0-0 11. d4 Be7 12. Be3 Qe6 13. dxe5 fxe5 14. Rxd8+ Bxd8 15. Qc4 Qxc4 16. Nxc4 Bxf3 17. gxf3 Bf6 18. f4 exf4 19. Bxf4 Ne7 20. Bg3 g5 21. Re1 Ng6 22. f3 Rd8 23. Re2 h5 24. Rd2 Rxd2 25. Nxd2 h4 26. Bh2 Ne5 1/2-1/2

[Event "SLO-chT1a West"]
[Site "Ljubljana"]
[Date "2009.10.17"]
[Round "8.3"]
[White "Brcar, Andrej"]
[Black "Kosmac, Blaz"]
[Result "1-0"]
[WhiteElo "2049"]
[BlackElo "2164"]
[PlyCount "85"]
[EventDate "2009.10.09"]
[EventType "team-tourn"]
[EventRounds "9"]
[EventCountry "SLO"]
[SourceTitle "EXT 2012"]
[Source "ChessBase"]
[SourceDate "2011.11.24"]
[SourceVersion "1"]
[SourceVersionDate "2011.11.24"]
[SourceQuality "1"]
[WhiteTeam "Trebnje BMP"]
[BlackTeam "Kranj Tomo Zupan"]
[WhiteTeamCountry "SLO"]
[BlackTeamCountry "SLO"]

1. e4 c5 2. c3 b6 3. d4 Bb7 4. Bd3 Nf6 5. f3 cxd4 6. cxd4 Nc6 7. Ne2 Nb4 8. Bc4 Qc8 9. Na3 Ba6 10. Bxa6 Qxa6 11. 0-0 e6 12. Nc3 Be7 13. Nab5 Rc8 14. Bf4 0-0 15. a3 Nc6 16. Nd6 Rb8 17. g4 b5 18. Kh1 Ne8 19. Nxe8 Rbxe8 20. Qd3 Qb6 21. Nxb5 a6 22. Nc7 Rc8 23. d5 e5 24. dxc6 Qxc7 25. cxd7 Rcd8 26. Bg3 a5 27. Rfd1 Bf6 28. Rac1 Qb6 29. Rc2 Rb8 30. Bf2 Qb7 31. Qd5 Qa6 32. Qd3 Qb7 33. h4 h6 34. Qd5 Qa6 35. Qd6 Qb5 36. Qd5 Qa6 37. Kg2 a4 38. Qd6 Qb5 39. Qd5 Qa6 40. Rc6 Qa8 41. Rd2 Rb3 42. Bb6 Kh7 43. Rxf6 1-0

[Event "SLO-chT1a West"]
[Site "Ljubljana"]
[Date "2009.10.16"]
[Round "6.3"]
[White "Hasanagic, Anel"]
[Black "Brcar, Andrej"]
[Result "1-0"]
[WhiteElo "2105"]
[BlackElo "2049"]
[PlyCount "111"]
[EventDate "2009.10.09"]
[EventType "team-tourn"]
[EventRounds "9"]
[EventCountry "SLO"]
[SourceTitle "EXT 2012"]
[Source "ChessBase"]
[SourceDate "2011.11.24"]
[SourceVersion "1"]
[SourceVersionDate "2011.11.24"]
[SourceQuality "1"]
[WhiteTeam "Jesenice"]
[BlackTeam "Trebnje BMP"]
[WhiteTeamCountry "SLO"]
[BlackTeamCountry "SLO"]

1. e4 e5 2. Nf3 Nc6 3. d4 exd4 4. Bc4 Nf6 5. e5 Ne4 6. 0-0 Be7 7. Bd5 Nc5 8. Nxd4 Nxe5 9. Nf5 0-0 10. f4 Ng6 11. Qd4 Bf6 12. Qxc5 d6 13. Nxd6 Qxd6 14. Qxd6 cxd6 15. c3 Ne7 16. Bf3 d5 17. Nd2 Rd8 18. Re1 Be6 19. Nb3 b6 20. Be3 Rac8 21. Rad1 Nf5 22. Bf2 Rc4 23. g3 g6 24. Re2 h5 25. Red2 Ne7 26. Nd4 Rc7 27. Re1 Bg4 28. Bg2 Bxd4 29. Bxd4 Be6 30. Bf6 Rcd7 31. Bf1 Kf8 32. h3 d4 33. c4 a5 34. Red1 Rc8 35. Bxe7+ Kxe7 36. Rxd4 Rdc7 37. b3 a4 38. Bg2 Ra7 39. R1d2 axb3 40. axb3 Ra1+ 41. Rd1 Ra2 42. R4d2 Ra3 43. Rb2 Ra7 44. Kf2 Ra3 45. Kg1 Ra7 46. Kh2 Ra3 47. Re1 Kd6 48. Rd2+ Kc5 49. Re5+ Kb4 50. Rb5+ Kc3 51. Re2 Rb8 52. c5 Ra5 53. Rxb6 Rxb6 54. cxb6 Rb5 55. b7 Kxb3 56. Rd2 1-0

[Event "SLO-chT Central Superliga 10th"]
[Site "Slovenija"]
[Date "2009.09.17"]
[Round "1.3"]
[White "Brcar, Andrej"]
[Black "Gantar, Jan"]
[Result "1/2-1/2"]
[WhiteElo "2049"]
[BlackElo "2085"]
[PlyCount "95"]
[EventDate "2009.09.17"]
[EventType "team-tourn"]
[EventRounds "9"]
[EventCountry "SLO"]
[SourceTitle "EXT 2022"]
[Source "ChessBase"]
[SourceDate "2021.10.06"]
[SourceVersion "1"]
[SourceVersionDate "2021.10.06"]
[SourceQuality "1"]
[WhiteTeam "Visnja Gora Sticna"]
[BlackTeam "Komenda Popotnik"]
[WhiteTeamCountry "SLO"]
[BlackTeamCountry "SLO"]

1. e4 e5 2. Nf3 Nc6 3. Bc4 Nf6 4. d3 h6 5. c3 g6 6. 0-0 d6 7. d4 Qe7 8. Re1 Bg7 9. Nbd2 0-0 10. dxe5 Nxe5 11. Nxe5 dxe5 12. Qe2 Nh5 13. Nf1 Be6 14. Bxe6 Qxe6 15. g3 Nf6 16. f3 Rfd8 17. Be3 Rd7 18. Red1 Rxd1 19. Qxd1 a6 20. Qd2 h5 21. b3 Bf8 22. Rd1 Be7 23. Qe2 Qc6 24. c4 Qe8 25. Rd3 Rd8 26. Qd2 Rxd3 27. Qxd3 Qd7 28. Qxd7 Nxd7 29. Kf2 f6 30. Ke2 Kf7 31. Kd3 Ke6 32. Kc3 a5 33. Bf2 Bb4+ 34. Kc2 Kd6 35. Nd2 Bxd2 36. Kxd2 c5 37. Kd3 Nf8 38. Be1 b6 39. a3 Ne6 40. b4 axb4 41. axb4 Nd4 42. bxc5+ bxc5 43. Ke3 Nc2+ 44. Kd2 Nxe1 45. Kxe1 Kc6 46. Kd2 Kb6 47. Kc3 Ka5 48. Kb3 1/2-1/2